000 00816nam a2200241 a 4500
001 73060
003 BD-RjUL
005 20211209082338.0
008 170527r19471916enk b 001 0 eng
035 _a(BD-RjUL)73278
040 _aDLC
_cODaWU
_dOCoLC
_dDLC
_dBD-RjUL
_beng
041 0 _aeng
082 _223
_a612
_bGAL 1947
245 1 0 _aGalen On the natural faculties /
_cwith an English translation by Arthur John Brock ...
260 _aLondon,
_bW. Heinemann;
_aNew York [etc.]
_bD. Appleton and Company,
_c1916.
300 _aiv, 339, p. ;
_c17 cm.
490 0 _aThe Loeb classical library. [Greek authors]
500 _aIncludes index
650 _aHuman Physology
_9216110
700 1 _aBrock, Arthur John,
_etr.
_9216107
830 _aThe Loeb classical library. [Greek authors]
_9117315
942 _2ddc
_cBK
999 _c73060
_d73060